[Event "Titled Tuesday intern op 20th Sep Early"]
[Site "Chess.com INT"]
[Date "2022.09.20"]
[Round "2"]
[White "Aizpurua, Patrick Emilio"]
[Black "Asgarizadeh, Ahmad"]
[Result "1-0"]
[WhiteElo "2310"]
[BlackElo "2452"]
[PlyCount "117"]
[EventDate "2022.09.20"]
[EventType "swiss (blitz)"]
[EventRounds "11"]
[EventCountry "USA"]
[SourceTitle "EXT 2023"]
[Source "ChessBase"]
[SourceDate "2022.10.05"]
[SourceVersion "1"]
[SourceVersionDate "2022.10.05"]
[SourceQuality "1"]

1. d4 d5 2. Nf3 Nf6 3. c4 dxc4 4. e3 Bg4 5. Bxc4 e6 6. Nc3 a6 7. a3 Nc6 8. h3 Bh5 9. Be2 Bd6 10. 0-0 0-0 11. Re1 Qe8 12. Nd2 Bg6 13. Nc4 Rd8 14. Qb3 b5 15. Nxd6 Rxd6 16. a4 b4 17. Na2 a5 18. Bb5 Be4 19. f3 Bd5 20. Qd1 Qd8 21. e4 Bxa2 22. Bxc6 Rxd4 23. Qc2 Rc4 24. Qe2 Rxc6 25. Rxa2 Qd4+ 26. Be3 Qc4 27. Raa1 Qxe2 28. Rxe2 Rd8 29. Kf1 Ne8 30. Ke1 Rd3 31. Bf4 f6 32. Rd2 Rxd2 33. Kxd2 e5 34. Be3 Nd6 35. b3 Rc3 36. Rc1 Rxb3 37. Rxc7 Rb2+ 38. Kd3 Rxg2 39. Bc5 Ne8 40. Re7 Rg3 41. Rxe8+ Kf7 42. Rf8+ Kg6 43. Ke3 Rxh3 44. Ra8 h5 45. Rxa5 Rh1 46. Bxb4 h4 47. Ra8 Rb1 48. Bd2 Kh7 49. Kf2 h3 50. Kg3 h2 51. Kxh2 Rb2 52. Rd8 Ra2 53. a5 g6 54. Kg2 f5 55. Kf2 f4 56. Ke2 g5 57. Rd6 g4 58. fxg4 Ra3 59. a6 1-0

[Event "Titled Tuesday intern op 20th Sep Early"]
[Site "Chess.com INT"]
[Date "2022.09.20"]
[Round "5"]
[White "Asgarizadeh, Ahmad"]
[Black "Itgelt, Khuyagtsogt"]
[Result "0-1"]
[WhiteElo "2452"]
[BlackElo "2184"]
[PlyCount "56"]
[EventDate "2022.09.20"]
[EventType "swiss (blitz)"]
[EventRounds "11"]
[EventCountry "USA"]
[SourceTitle "EXT 2023"]
[Source "ChessBase"]
[SourceDate "2022.10.05"]
[SourceVersion "1"]
[SourceVersionDate "2022.10.05"]
[SourceQuality "1"]

1. e4 e6 2. d4 d5 3. Nc3 Bb4 4. e5 c5 5. a3 Bxc3+ 6. bxc3 Qc7 7. Qg4 f6 8. Bb5+ Kf8 9. Ne2 a6 10. Ba4 c4 11. exf6 Nxf6 12. Qh4 b5 13. Rb1 Nc6 14. Bxb5 axb5 15. Rxb5 Kf7 16. 0-0 Rf8 17. Bf4 Qe7 18. Rb6 Bd7 19. Rb7 Ra7 20. Rfb1 Rfa8 21. Bg5 h6 22. Bc1 Rxb7 23. Rxb7 Ra7 24. Rxa7 Nxa7 25. Qg3 Nc6 26. h4 e5 27. dxe5 Qxe5 28. Qf3 Bg4 0-1

[Event "Titled Tuesday intern op 30th Mar"]
[Site "Chess.com INT"]
[Date "2021.03.30"]
[Round "1"]
[White "Asgarizadeh, Ahmad"]
[Black "Nilsen, Tobias Lang"]
[Result "1-0"]
[WhiteElo "2452"]
[BlackElo "2169"]
[PlyCount "95"]
[EventDate "2021.03.30"]
[EventType "swiss (blitz)"]
[EventRounds "11"]
[EventCountry "USA"]
[SourceTitle "CBM 201 Extra"]
[Source "ChessBase"]
[SourceDate "2021.05.31"]
[SourceVersion "1"]
[SourceVersionDate "2021.05.31"]
[SourceQuality "1"]

1. e4 e6 2. d4 d5 3. Nc3 Bb4 4. e5 Ne7 5. a3 Bxc3+ 6. bxc3 c5 7. Qg4 cxd4 8. Qxg7 Rg8 9. Qxh7 Qc7 10. Ne2 Nbc6 11. f4 dxc3 12. h4 Bd7 13. h5 0-0-0 14. Qd3 Nf5 15. Rb1 d4 16. Rg1 Rg4 17. g3 Rh8 18. Bh3 Rgg8 19. g4 Nfe7 20. Nxd4 Nxd4 21. Qxd4 Nc6 22. Qc5 b6 23. Qe3 Na5 24. Rg3 Bc6 25. Qxc3 Nb7 26. Be3 Be4 27. Qxc7+ Kxc7 28. Kf2 Na5 29. Bg2 Bxg2 30. Rxg2 Nc4 31. Bc1 a6 32. a4 Kc6 33. Rb3 b5 34. axb5+ axb5 35. Rh3 Rd8 36. Ke2 Rd4 37. h6 Re4+ 38. Kf2 Rd4 39. f5 Rd1 40. Bf4 exf5 41. gxf5 Kd5 42. h7 Ke4 43. Rg8 Rxh7 44. Rxh7 Kxf4 45. e6 Rd2+ 46. Ke1 Rxc2 47. Rh4+ Ke3 48. Rg3# 1-0

[Event "Titled Tuesday intern op 30th Mar"]
[Site "Chess.com INT"]
[Date "2021.03.30"]
[Round "7"]
[White "Korobov, Anton"]
[Black "Asgarizadeh, Ahmad"]
[Result "1-0"]
[WhiteElo "2683"]
[BlackElo "2452"]
[PlyCount "107"]
[EventDate "2021.03.30"]
[EventType "swiss (blitz)"]
[EventRounds "11"]
[EventCountry "USA"]
[SourceTitle "CBM 201 Extra"]
[Source "ChessBase"]
[SourceDate "2021.05.31"]
[SourceVersion "1"]
[SourceVersionDate "2021.05.31"]
[SourceQuality "1"]

1. d4 d5 2. c4 dxc4 3. e4 Nf6 4. e5 Nd5 5. Bxc4 Bf5 6. Ne2 e6 7. 0-0 Nb6 8. Bb3 Nc6 9. Nbc3 Be7 10. Be3 Nb4 11. Nf4 c6 12. Qf3 N4d5 13. Ncxd5 cxd5 14. Rfc1 0-0 15. a4 a5 16. Qe2 Qd7 17. Bd2 h6 18. Rc3 Rfc8 19. Rg3 Nc4 20. Nh5 Bg6 21. Bc3 Bh4 22. Rh3 Bg5 23. Bc2 b5 24. axb5 Qxb5 25. f4 Be7 26. Bxg6 fxg6 27. Qg4 gxh5 28. Qxe6+ Kf8 29. Rxh5 Ne3 30. Re1 Rc6 31. Qd7 Rd8 32. Qh3 Nc4 33. f5 Bg5 34. f6 gxf6 35. Rxh6 Bxh6 36. Qxh6+ Ke8 37. Qh7 Re6 38. Rf1 Ne3 39. Rf2 Qa4 40. h3 Qd1+ 41. Kh2 Nf1+ 42. Kg1 Ng3+ 43. Kh2 Ne4 44. Rf4 Qd3 45. Rg4 Re7 46. Qg8+ Kd7 47. Qxd5+ Kc8 48. Qa8+ Kd7 49. e6+ Rxe6 50. Rg7+ Re7 51. Qb7+ Ke6 52. Qxe7+ Kf5 53. Qxd8 Nc5 54. Qd5+ 1-0

[Event "Titled Tuesday intern op 30th Mar"]
[Site "Chess.com INT"]
[Date "2021.03.30"]
[Round "2"]
[White "Navalgund, Niranjan"]
[Black "Asgarizadeh, Ahmad"]
[Result "0-1"]
[WhiteElo "2289"]
[BlackElo "2452"]
[PlyCount "54"]
[EventDate "2021.03.30"]
[EventType "swiss (blitz)"]
[EventRounds "11"]
[EventCountry "USA"]
[SourceTitle "CBM 201 Extra"]
[Source "ChessBase"]
[SourceDate "2021.05.31"]
[SourceVersion "1"]
[SourceVersionDate "2021.05.31"]
[SourceQuality "1"]

1. d4 d5 2. Nf3 Nf6 3. c4 dxc4 4. e3 Bg4 5. Bxc4 e6 6. Nc3 a6 7. h3 Bh5 8. g4 Bg6 9. Ne5 Nbd7 10. Qf3 b5 11. Nxb5 Be4 12. Qd1 axb5 13. Bxb5 Bxh1 14. g5 c6 15. Nxc6 Qb6 16. gxf6 Qxb5 17. fxg7 Bxg7 18. Ne5 Nxe5 19. dxe5 Bxe5 20. Bd2 Bg2 21. Qe2 Qxe2+ 22. Kxe2 Bxb2 23. Rb1 Rxa2 24. f3 Bc3 25. Rb8+ Kd7 26. Rxh8 Rxd2+ 27. Ke1 Ra2+ 0-1

[Event "Titled Tuesday intern op 12th May"]
[Site "Chess.com INT"]
[Date "2020.05.12"]
[Round "6"]
[White "Asgarizadeh, Ahmad"]
[Black "Sengupta, Deep"]
[Result "1-0"]
[WhiteElo "2452"]
[BlackElo "2527"]
[PlyCount "71"]
[EventDate "2020.05.12"]
[EventType "swiss (blitz)"]
[EventRounds "10"]
[EventCountry "USA"]
[SourceTitle "CBM 196 Extra"]
[Source "ChessBase"]
[SourceDate "2020.07.31"]
[SourceVersion "1"]
[SourceVersionDate "2020.07.31"]
[SourceQuality "1"]

1. e4 e6 2. d4 d5 3. Nc3 Nf6 4. e5 Nfd7 5. f4 c5 6. Nf3 a6 7. Be3 Qb6 8. a3 cxd4 9. Nxd4 Bc5 10. b4 Bxd4 11. Bxd4 Qc7 12. Qd2 Nc6 13. Bf2 0-0 14. Bd3 f6 15. exf6 Nxf6 16. 0-0 e5 17. fxe5 Nxe5 18. Bc5 Neg4 19. Qf4 Qxf4 20. Rxf4 Re8 21. Raf1 Be6 22. Bd4 Bf7 23. Na4 Ne5 24. Bf5 Bg6 25. Nc5 b6 26. Be6+ Kh8 27. Bxe5 bxc5 28. Rxf6 cxb4 29. axb4 Bxc2 30. Bxd5 Rad8 31. Bb2 Bd3 32. Rf7 Rg8 33. Rxg7 Rxg7 34. Rf7 Rxd5 35. Rxg7 Bc4 36. Rg5+ 1-0

[Event "Titled Tuesday intern op 21st April"]
[Site "Chess.com INT"]
[Date "2020.04.21"]
[Round "7"]
[White "Asgarizadeh, Ahmad"]
[Black "Aditya, Mittal"]
[Result "1-0"]
[WhiteElo "2452"]
[BlackElo "2438"]
[PlyCount "111"]
[EventDate "2020.04.21"]
[EventType "swiss (blitz)"]
[EventRounds "10"]
[EventCountry "USA"]
[SourceTitle "EXT 2021"]
[Source "ChessBase"]
[SourceDate "2020.10.23"]
[SourceVersion "1"]
[SourceVersionDate "2020.10.23"]
[SourceQuality "1"]

1. e4 c5 2. Nc3 d6 3. f4 Nc6 4. Nf3 g6 5. Bb5 Bd7 6. 0-0 Bg7 7. d3 a6 8. Bxc6 Bxc6 9. Qe1 Nf6 10. Qh4 h6 11. e5 Nd5 12. Ne4 Nb4 13. Qf2 Bxe4 14. dxe4 Nc6 15. exd6 Qxd6 16. c3 0-0 17. Be3 b6 18. Rfd1 Qc7 19. Qh4 f5 20. e5 Rad8 21. a4 Rxd1+ 22. Rxd1 Rd8 23. Qe1 Rd7 24. Rxd7 Qxd7 25. Qe2 Nb8 26. a5 bxa5 27. Bxc5 e6 28. Nd4 Qd5 29. Bd6 Nc6 30. Nxc6 Qxc6 31. h3 a4 32. Kh2 g5 33. fxg5 hxg5 34. Qh5 Qb5 35. Qxg5 Qxb2 36. Be7 Qb7 37. Bf6 a3 38. Qc1 a2 39. Qa3 Qc7 40. Bxg7 Kxg7 41. Qxa2 Qxe5+ 42. Kh1 Qd6 43. c4 Kf6 44. Qb2+ e5 45. Qc1 Qc5 46. Qh6+ Kf7 47. Qh7+ Kf6 48. Qh8+ Kf7 49. Qh5+ Kf6 50. Qh4+ Kg6 51. Qg3+ Kf7 52. Qd3 e4 53. Qd7+ Kf6 54. h4 a5 55. h5 Qxc4 56. Qd6+ 1-0

[Event "Titled Tuesday intern op 21st April"]
[Site "Chess.com INT"]
[Date "2020.04.21"]
[Round "3"]
[White "Asgarizadeh, Ahmad"]
[Black "Injac, Teodora"]
[Result "1-0"]
[WhiteElo "2452"]
[BlackElo "2286"]
[PlyCount "83"]
[EventDate "2020.04.21"]
[EventType "swiss (blitz)"]
[EventRounds "10"]
[EventCountry "USA"]
[SourceTitle "EXT 2021"]
[Source "ChessBase"]
[SourceDate "2020.10.23"]
[SourceVersion "1"]
[SourceVersionDate "2020.10.23"]
[SourceQuality "1"]

1. e4 e6 2. d4 d5 3. Nc3 Nf6 4. e5 Nfd7 5. f4 c5 6. Nf3 Nc6 7. Be3 Be7 8. Ne2 0-0 9. c3 Rb8 10. a3 b5 11. g3 a5 12. Bh3 b4 13. axb4 cxb4 14. 0-0 Nb6 15. g4 Nc4 16. Bc1 Qb6 17. Kh1 bxc3 18. bxc3 Qb3 19. Qe1 Ba6 20. f5 Qc2 21. Nf4 Qe4 22. fxe6 fxe6 23. Qxe4 dxe4 24. Ng1 Nb2 25. Re1 Nd3 26. Nxd3 Bxd3 27. g5 Nd8 28. Bg2 Rf2 29. Bxe4 Bxe4+ 30. Rxe4 Nc6 31. Re2 Rf1 32. Kg2 Rd1 33. Rea2 g6 34. Ne2 Rf8 35. Be3 Rxa1 36. Rxa1 Rf5 37. h4 Kg7 38. Nf4 Rf8 39. Nxe6+ Kf7 40. Nxf8 Kxf8 41. Bf4 Kf7 42. d5 1-0

[Event "Titled Tuesday intern op 21st April"]
[Site "Chess.com INT"]
[Date "2020.04.21"]
[Round "1"]
[White "Asgarizadeh, Ahmad"]
[Black "Manukyan, Sargis V"]
[Result "0-1"]
[WhiteElo "2452"]
[BlackElo "2253"]
[PlyCount "42"]
[EventDate "2020.04.21"]
[EventType "swiss (blitz)"]
[EventRounds "10"]
[EventCountry "USA"]
[SourceTitle "EXT 2021"]
[Source "ChessBase"]
[SourceDate "2020.10.23"]
[SourceVersion "1"]
[SourceVersionDate "2020.10.23"]
[SourceQuality "1"]

1. e4 e6 2. d4 d5 3. Nc3 Bb4 4. e5 c5 5. a3 Bxc3+ 6. bxc3 Ne7 7. Qg4 0-0 8. Bd3 Nbc6 9. Bg5 Qa5 10. Ne2 Qa4 11. Bxh7+ Kxh7 12. Qh4+ Kg8 13. Bxe7 Nxe7 14. Qxe7 b6 15. Ra2 Ba6 16. Ng3 Qc4 17. Kd2 cxd4 18. cxd4 Qxa2 19. Nh5 Rfc8 20. Rc1 Qc4 21. Qh4 Qe2# 0-1

[Event "Titled Tuesday intern op 21st April"]
[Site "Chess.com INT"]
[Date "2020.04.21"]
[Round "9"]
[White "Harutjunyan, Gevorg"]
[Black "Asgarizadeh, Ahmad"]
[Result "1-0"]
[WhiteElo "2439"]
[BlackElo "2452"]
[PlyCount "85"]
[EventDate "2020.04.21"]
[EventType "swiss (blitz)"]
[EventRounds "10"]
[EventCountry "USA"]
[SourceTitle "EXT 2021"]
[Source "ChessBase"]
[SourceDate "2020.10.23"]
[SourceVersion "1"]
[SourceVersionDate "2020.10.23"]
[SourceQuality "1"]

1. e4 d6 2. d4 g6 3. Nc3 Bg7 4. f4 a6 5. Nf3 Nd7 6. e5 Nh6 7. Be3 b5 8. Bd3 Bb7 9. Be4 Qc8 10. Qd3 e6 11. Bxb7 Qxb7 12. Ne4 Nf5 13. g4 Nxe3 14. Qxe3 0-0 15. g5 Nb6 16. Nf6+ Bxf6 17. gxf6 Nd5 18. Qe4 Rab8 19. c3 b4 20. c4 Nb6 21. Qxb7 Rxb7 22. b3 d5 23. c5 Nc8 24. h4 h5 25. Ke2 Na7 26. Rag1 Nb5 27. Kd3 a5 28. Ng5 Re8 29. Rg3 c6 30. Rhg1 Nc3 31. a4 Kh8 32. f5 Ne4 33. fxg6 Nxg3 34. Nxf7+ Rxf7 35. gxf7 Rf8 36. Rxg3 Rxf7 37. Rg5 Kh7 38. Rxh5+ Kg6 39. Rg5+ Kh7 40. Ke3 Kh6 41. Kf4 Kh7 42. Kg4 Kh6 43. Rg8 1-0

[Event "Titled Tuesday intern op 14th April"]
[Site "Chess.com INT"]
[Date "2020.04.14"]
[Round "5"]
[White "Asgarizadeh, Ahmad"]
[Black "Andriasian, Zaven"]
[Result "0-1"]
[WhiteElo "2452"]
[BlackElo "2606"]
[PlyCount "94"]
[EventDate "2020.04.14"]
[EventType "swiss (blitz)"]
[EventRounds "10"]
[EventCountry "USA"]
[SourceTitle "EXT 2021"]
[Source "ChessBase"]
[SourceDate "2020.10.23"]
[SourceVersion "1"]
[SourceVersionDate "2020.10.23"]
[SourceQuality "1"]

1. e4 c5 2. Nc3 d6 3. f4 Nc6 4. Nf3 g6 5. Bb5 Bd7 6. 0-0 Bg7 7. d3 Nf6 8. Qe1 Nd4 9. Nxd4 cxd4 10. Bxd7+ Qxd7 11. Ne2 Rc8 12. Nxd4 e5 13. fxe5 dxe5 14. Nb3 Rxc2 15. Bg5 Nh5 16. Qb4 h6 17. Rac1 Rxc1 18. Bxc1 b6 19. Rd1 Nf4 20. Bxf4 exf4 21. d4 Bf8 22. Qc3 Be7 23. d5 0-0 24. d6 Rd8 25. e5 Bf8 26. Nd4 Bg7 27. Nc6 Re8 28. b4 a6 29. a4 b5 30. axb5 axb5 31. Qc5 h5 32. h3 f3 33. gxf3 Qxh3 34. d7 Qg3+ 35. Kf1 Qxf3+ 36. Ke1 Qe4+ 37. Kf2 Qf4+ 38. Ke2 Qg4+ 39. Ke1 Qe4+ 40. Kd2 Ra8 41. d8Q+ Rxd8+ 42. Nxd8 Bf8 43. Qxb5 Bxb4+ 44. Kc1 Qe3+ 45. Kc2 Qc3+ 46. Kb1 Qb3+ 47. Kc1 Ba3+ 0-1

[Event "Titled Tuesday intern op 14th April"]
[Site "Chess.com INT"]
[Date "2020.04.14"]
[Round "1"]
[White "Asgarizadeh, Ahmad"]
[Black "Milanovic, Danilo"]
[Result "1-0"]
[WhiteElo "2452"]
[BlackElo "2455"]
[PlyCount "51"]
[EventDate "2020.04.14"]
[EventType "swiss (blitz)"]
[EventRounds "10"]
[EventCountry "USA"]
[SourceTitle "EXT 2021"]
[Source "ChessBase"]
[SourceDate "2020.10.23"]
[SourceVersion "1"]
[SourceVersionDate "2020.10.23"]
[SourceQuality "1"]

1. e4 d5 2. exd5 Qxd5 3. Nc3 Qd6 4. d4 Nf6 5. Nge2 Bg4 6. f3 Bh5 7. Bf4 Qd8 8. Qd2 e6 9. h4 Bg6 10. 0-0-0 Bb4 11. a3 Ba5 12. Qe3 c6 13. Be5 Nbd7 14. Nf4 Bxc3 15. Qxc3 Nxe5 16. dxe5 Nd5 17. Nxd5 exd5 18. g4 h5 19. e6 Qf6 20. exf7+ Bxf7 21. Re1+ Kd7 22. Qb4 b6 23. g5 Qg6 24. Bh3+ Kc7 25. Re7+ Kb8 26. Qf4+ 1-0

[Event "Titled Tuesday intern op 14th April"]
[Site "Chess.com INT"]
[Date "2020.04.14"]
[Round "8"]
[White "Asgarizadeh, Ahmad"]
[Black "Pavlov, Sergey1111"]
[Result "1-0"]
[WhiteElo "2452"]
[BlackElo "2480"]
[PlyCount "91"]
[EventDate "2020.04.14"]
[EventType "swiss (blitz)"]
[EventRounds "10"]
[EventCountry "USA"]
[SourceTitle "EXT 2021"]
[Source "ChessBase"]
[SourceDate "2020.10.23"]
[SourceVersion "1"]
[SourceVersionDate "2020.10.23"]
[SourceQuality "1"]

1. e4 Nf6 2. e5 Nd5 3. d4 d6 4. Nf3 Bg4 5. Be2 c6 6. 0-0 Bxf3 7. Bxf3 dxe5 8. dxe5 e6 9. c4 Ne7 10. Qxd8+ Kxd8 11. Rd1+ Nd7 12. Bh5 Ng6 13. f4 Bc5+ 14. Kf1 Ke7 15. Nc3 f5 16. exf6+ Nxf6 17. Be2 Rhf8 18. g3 Rad8 19. Kg2 Rxd1 20. Bxd1 e5 21. f5 Nh8 22. Bg5 Nf7 23. Bh4 Nd6 24. Bc2 Nxc4 25. Be4 Bd4 26. Re1 Kf7 27. Bc2 Ne3+ 28. Rxe3 Bxe3 29. Bb3+ Ke7 30. g4 h6 31. Kf3 Bd4 32. Ne4 Bxb2 33. Nc5 Rd8 34. Ne6 Rd3+ 35. Ke2 Rh3 36. Bg3 Nxg4 37. Nxg7 Nxh2 38. Bf2 Ng4 39. Bc5+ Kf6 40. Bf8 Rh2+ 41. Kf3 h5 42. Be6 Rf2+ 43. Kg3 e4 44. Ne8+ Ke5 45. Bg7+ Nf6 46. Bxf6# 1-0

[Event "Titled Tuesday intern op 14th April"]
[Site "Chess.com INT"]
[Date "2020.04.14"]
[Round "2"]
[White "Pham, Le Thao Nguyen"]
[Black "Asgarizadeh, Ahmad"]
[Result "0-1"]
[WhiteElo "2366"]
[BlackElo "2452"]
[PlyCount "108"]
[EventDate "2020.04.14"]
[EventType "swiss (blitz)"]
[EventRounds "10"]
[EventCountry "USA"]
[SourceTitle "EXT 2021"]
[Source "ChessBase"]
[SourceDate "2020.10.23"]
[SourceVersion "1"]
[SourceVersionDate "2020.10.23"]
[SourceQuality "1"]

1. d4 d5 2. Nf3 Nf6 3. Bf4 c5 4. e3 Nc6 5. c3 Qb6 6. Qb3 c4 7. Qc2 Bf5 8. Qc1 Nh5 9. Nbd2 Nxf4 10. exf4 e6 11. Be2 Bd6 12. g3 h6 13. 0-0 0-0 14. Re1 Rfc8 15. Ne5 Qd8 16. Bh5 Nxe5 17. fxe5 Be7 18. Nf1 b5 19. Ne3 Bh7 20. f4 Be4 21. Rf1 Qd7 22. Qd2 a5 23. Bf3 Bh7 24. Bg4 Bd3 25. Be2 Be4 26. Bf3 Bh7 27. Bg4 Rf8 28. f5 Bg5 29. f6 gxf6 30. exf6 Qd6 31. Qf2 e5 32. h4 Bxe3 33. Qxe3 exd4 34. Qxh6 Qxg3+ 35. Kh1 Be4+ 36. Bf3 Bxf3+ 37. Rxf3 Qxf3+ 38. Kh2 Qf2+ 39. Kh1 Qf3+ 40. Kh2 Qe2+ 41. Kh1 Qe4+ 42. Kh2 Qh7 43. Rg1+ Kh8 44. Qg7+ Qxg7 45. fxg7+ Kg8 46. gxf8Q+ Kxf8 47. cxd4 Re8 48. h5 Re4 49. Kh3 b4 50. h6 Re6 51. Rg5 Rxh6+ 52. Kg4 Rh2 53. Rxd5 Rxb2 54. Rxa5 c3 0-1

[Event "Titled Tuesday intern op 14th April"]
[Site "Chess.com INT"]
[Date "2020.04.14"]
[Round "9"]
[White "Vantika, Agrawal"]
[Black "Asgarizadeh, Ahmad"]
[Result "0-1"]
[WhiteElo "2286"]
[BlackElo "2452"]
[PlyCount "88"]
[EventDate "2020.04.14"]
[EventType "swiss (blitz)"]
[EventRounds "10"]
[EventCountry "USA"]
[SourceTitle "EXT 2021"]
[Source "ChessBase"]
[SourceDate "2020.10.23"]
[SourceVersion "1"]
[SourceVersionDate "2020.10.23"]
[SourceQuality "1"]

1. d4 d5 2. c4 dxc4 3. Nf3 Nf6 4. e3 Bg4 5. Bxc4 e6 6. 0-0 a6 7. h3 Bh5 8. Nc3 Nc6 9. Bd2 Bd6 10. Be2 0-0 11. Ng5 Bg6 12. a3 Qe8 13. Nf3 Rd8 14. Qb3 e5 15. dxe5 Nxe5 16. Rfd1 b5 17. Be1 c5 18. Nd5 c4 19. Nxf6+ gxf6 20. Qc3 Qe7 21. Nd4 Bb8 22. f4 Nd3 23. Bxd3 Bxd3 24. Bf2 Qe4 25. Nf3 Qg6 26. Nh4 Qh6 27. Nf3 Rfe8 28. Rd2 Ba7 29. Re1 Kh8 30. b3 Rg8 31. bxc4 bxc4 32. Kh2 Rd6 33. Nd4 Bxd4 34. exd4 Qxf4+ 35. Kg1 Rd5 36. Rxd3 cxd3 37. Qxd3 Rdg5 38. g4 h5 39. Be3 Qg3+ 40. Kf1 Qxh3+ 41. Ke2 Qxg4+ 42. Kd2 Rb5 43. Rh1 Qg2+ 44. Kc3 Rc8+ 0-1

[Event "Titled Tuesday intern op 7th April"]
[Site "Chess.com INT"]
[Date "2020.04.07"]
[Round "5"]
[White "Kashtanov, Ruslan"]
[Black "Asgarizadeh, Ahmad"]
[Result "0-1"]
[WhiteElo "2376"]
[BlackElo "2452"]
[PlyCount "64"]
[EventDate "2020.04.07"]
[EventType "swiss (blitz)"]
[EventRounds "10"]
[EventCountry "USA"]
[SourceTitle "EXT 2021"]
[Source "ChessBase"]
[SourceDate "2020.10.23"]
[SourceVersion "1"]
[SourceVersionDate "2020.10.23"]
[SourceQuality "1"]

1. e4 d6 2. d4 g6 3. c4 Bg7 4. Nc3 Nc6 5. Be3 Nf6 6. Be2 0-0 7. Nf3 Ng4 8. Bg5 h6 9. Bh4 g5 10. Bg3 e5 11. d5 Nb8 12. h4 f5 13. exf5 Bxf5 14. hxg5 hxg5 15. Qd2 Na6 16. Nxg5 Nb4 17. Rc1 Bh6 18. Rxh6 Nxh6 19. Ne6 Bxe6 20. Qxh6 Bf5 21. Bh4 Qd7 22. Bf6 Qh7 23. Qg5+ Qg6 24. Qxg6+ Bxg6 25. Bg5 Nc2+ 26. Kd2 Nd4 27. Be3 a6 28. Bd1 Rf7 29. a3 Raf8 30. f3 Rh7 31. Bxd4 exd4 32. Ne2 d3 0-1

[Event "Titled Tuesday intern op 3rd Jan"]
[Site "Chess.com INT"]
[Date "2019.12.03"]
[Round "5"]
[White "Bortnyk, Olexandr"]
[Black "Asgarizadeh, Ahmad"]
[Result "1-0"]
[WhiteElo "2596"]
[BlackElo "2452"]
[PlyCount "57"]
[EventDate "2019.12.03"]
[EventType "swiss (blitz)"]
[EventRounds "10"]
[EventCountry "USA"]
[SourceTitle "EXT 2021"]
[Source "ChessBase"]
[SourceDate "2020.10.23"]
[SourceVersion "1"]
[SourceVersionDate "2020.10.23"]
[SourceQuality "1"]

1. e4 e5 2. Bc4 Nf6 3. d3 Bc5 4. Nc3 d6 5. Bg5 h6 6. Bh4 Be6 7. Bxe6 fxe6 8. Nf3 0-0 9. Qd2 Nc6 10. 0-0-0 a6 11. Kb1 Qe8 12. Ne2 b5 13. h3 b4 14. Bxf6 Rxf6 15. d4 exd4 16. Nexd4 Nxd4 17. Nxd4 e5 18. Nf5 Qe6 19. g4 Rg6 20. Ne7+ Kh7 21. Nxg6 Qxg6 22. f4 Qxe4 23. fxe5 Qxe5 24. Qd3+ Kh8 25. Rhe1 Qf6 26. Rf1 Qe6 27. Rde1 Qd7 28. Qg6 d5 29. Rf7 1-0

[Event "TUR-chT 1st League"]
[Site "Konya"]
[Date "2019.07.28"]
[Round "9.8"]
[White "Yuksel, Mahmut"]
[Black "Asgarizadeh, Ahmad"]
[Result "0-1"]
[WhiteElo "1713"]
[BlackElo "2447"]
[PlyCount "67"]
[EventDate "2019.07.22"]
[EventType "team-swiss"]
[EventRounds "9"]
[EventCountry "TUR"]
[SourceTitle "CBM 191 Extra"]
[Source "ChessBase"]
[SourceDate "2019.09.30"]
[SourceVersion "1"]
[SourceVersionDate "2019.09.30"]
[SourceQuality "1"]
[WhiteTeam "Genc Akademisyenler"]
[BlackTeam "Malatya Yesilyurt"]
[WhiteTeamCountry "TUR"]
[BlackTeamCountry "TUR"]

1. e4 e5 2. Nf3 Nc6 3. Bc4 Bc5 4. d3 Nf6 5. a4 d6 6. 0-0 0-0 7. c3 a5 8. Bg5 h6 9. Bh4 g5 10. Nxg5 hxg5 11. Bxg5 Kg7 12. Kh1 Rh8 13. f4 Ng4 14. Qxg4 Bxg4 15. Bxd8 Raxd8 16. Nd2 Be2 17. Rae1 Bxf1 18. Nxf1 exf4 19. d4 Bb6 20. Nd2 Ne7 21. Nf3 d5 22. Ba2 dxe4 23. Rxe4 Ng6 24. h3 Rhe8 25. Bb1 Rxe4 26. Bxe4 c6 27. Kh2 Re8 28. Bd3 Bd8 29. b4 Bh4 30. Bxg6 Bg3+ 31. Kg1 fxg6 32. Kf1 Re3 33. b5 cxb5 34. axb5 0-1

[Event "TUR-chT 1st League"]
[Site "Konya"]
[Date "2019.07.25"]
[Round "5.9"]
[White "Asgarizadeh, Ahmad"]
[Black "Kanmazalp, Ogulcan"]
[Result "0-1"]
[WhiteElo "2447"]
[BlackElo "2457"]
[PlyCount "94"]
[EventDate "2019.07.22"]
[EventType "team-swiss"]
[EventRounds "9"]
[EventCountry "TUR"]
[SourceTitle "CBM 191 Extra"]
[Source "ChessBase"]
[SourceDate "2019.09.30"]
[SourceVersion "1"]
[SourceVersionDate "2019.09.30"]
[SourceQuality "1"]
[WhiteTeam "Malatya Yesilyurt"]
[BlackTeam "Yalova Belediye"]
[WhiteTeamCountry "TUR"]
[BlackTeamCountry "TUR"]

1. e4 e6 2. d4 d5 3. Nc3 Nf6 4. e5 Nfd7 5. f4 c5 6. Nf3 Qb6 7. Be3 a6 8. Na4 Qa5+ 9. c3 cxd4 10. b4 Qc7 11. Qxd4 Nc6 12. Qd2 Be7 13. Rc1 0-0 14. Nd4 b5 15. Nb2 Nb6 16. Be2 Nxd4 17. Bxd4 Nc4 18. Qc2 a5 19. Nd3 axb4 20. cxb4 Bd7 21. 0-0 Ra4 22. Bd1 Rfa8 23. Ra1 Rxb4 24. Nxb4 Bxb4 25. Kh1 Bc5 26. Qf2 Bxd4 27. Qxd4 Qa7 28. Qxa7 Rxa7 29. Bb3 f6 30. exf6 gxf6 31. Rfe1 Kf7 32. Rad1 Bc6 33. Rd3 Ke7 34. Rh3 Kd6 35. Rh6 Rf7 36. Bc2 d4 37. Rxh7 Rxh7 38. Bxh7 f5 39. Rd1 Bxg2+ 40. Kg1 Kd5 41. Kf2 Be4 42. h4 Ne3 43. Rg1 Ng4+ 44. Ke2 d3+ 45. Kd2 Kd4 46. h5 Nh2 47. Rg2 Nf1+ 0-1

[Event "Fajr op 27th"]
[Site "Tehran"]
[Date "2019.02.10"]
[Round "8"]
[White "Mousavi, Seyed Khalil"]
[Black "Asgarizadeh, Ahmad"]
[Result "1/2-1/2"]
[WhiteElo "2485"]
[BlackElo "2423"]
[PlyCount "44"]
[EventDate "2019.02.05"]
[EventType "swiss"]
[EventRounds "9"]
[EventCountry "IRI"]
[SourceTitle "CBM 188 Extra"]
[Source "ChessBase"]
[SourceDate "2019.02.26"]
[SourceVersion "1"]
[SourceVersionDate "2019.02.26"]
[SourceQuality "1"]

1. c4 e6 2. Nf3 d5 3. e3 Nf6 4. b3 Be7 5. Bb2 0-0 6. Be2 dxc4 7. Bxc4 c5 8. 0-0 a6 9. a4 Nc6 10. d4 cxd4 11. Nxd4 Nxd4 12. Bxd4 Bd7 13. Nd2 Bc6 14. Qe2 Nd7 15. Rfd1 Bf6 16. Nf3 Qa5 17. e4 Rac8 18. Qe3 Rfd8 19. h3 Ne5 20. Nxe5 Bxe5 21. Bb6 Rxd1+ 22. Rxd1 Qc3 1/2-1/2